00633nam a2200181Ia 4500003000900000008004100009020001800050040001600068080001700084100002300101245010000124260004000224300001400264650002200278942000700300999001700307952012700324IN-BaIIA211028s9999 xx 000 0 eng d a0-805-30665-X cIIA Library a530.145bBAY aBaym, Gordon95262 0aLecture notes on quantum mechanicscGordon Baym  aMassachusettsbW. A. Benjaminc1973 axi, 594p. aQuantum mechanics cBK c17301d17301 00104070aBANbBANcGENd2009-05-26g1884.88l0o530.145/ BAYp18223r2021-11-05v1884.88w2009-05-26yBKGRs. 1884.88